Rozhovory o Matici Slovenskej.

Uložené v:
Podrobná bibliografia
Hlavný autor: LICHARD, D.G (Author)
Médium: Kniha
Jazyk:Slovak
Vydané: 1865
Tagy: Pridať tag
Žiadne tagy, Buďte prvý kto otaguje tento záznam!

MARC

LEADER 00000nam a2200000 a 4500
001 000211237
005 00000000000000.0
008 040101s1865 e sloo
041 0 |a slo 
100 1 |a LICHARD, D.G.  |4 aut 
245 1 0 |a Rozhovory o Matici Slovenskej. 
260 |c 1865 
500 |a Záznam neprešiel kontrolou 
910 |a svkkk 
998 |a BK 
090 |g SCKHL  |k HIS - študovňa  |a III.115243  |i 2720444852  |s Príručka / Študovňa